000 00804nam a2200253Ia 4500
003 GCL
008 140319s9999 xx 000 0 ara d
020 _a0022215977
040 _aGCL /
_cGCL
082 0 4 _a331.11732
_bع ا
100 1 _aعلى السلمى
245 1 0 _aادارة القطاع العام المصرى /
_cعلى السلمى
260 _aالقاهرة :
_bمكتبة غريب ،
_c1991
300 _a127 ص ؛
_c24 سم
490 _aمكتبة الادارة الجديدة
_v0
650 0 4 _aمصر
650 0 4 _aالاقتصاد
650 0 4 _aالقطاع العام
650 0 4 _aقوانين وتشريعات
650 0 4 _aالادارة العامة
650 0 4 _aالمؤسسات العامة
650 0 4 _aشركات القطاع العام
942 _2ddc
_cBK
999 _c55467
_d55467